An East Asian renaissance ideas for economic growth /

Bibliographic Details
Main Author: Gill, Indermit Singh, 1961-
Corporate Authors: World Bank., ProQuest (Firm)
Other Authors: Kharas, Homi J., 1954-, Bhattasali, Deepak.
Format: Electronic eBook
Language:English
Published: Washington, DC : International Bank for Reconstruction and Development/World Bank, c2007.
Subjects:
Online Access:Click to View
LEADER 01653nam a2200433 a 4500
001 EBC459468
003 MiAaPQ
005 20200520144314.0
006 m o d |
007 cr cn|||||||||
008 070103s2007 dcuab sb i001 0 eng
010 |z  2006037026 
020 |z 9780821367476 (pbk.) 
020 |z 0821367471 (pbk.) 
020 |a 082136748X (electronic bk.) 
020 |a 9780821367483 (electronic bk.) 
035 |a (MiAaPQ)EBC459468 
035 |a (Au-PeEL)EBL459468 
035 |a (CaPaEBR)ebr10232203 
035 |a (CaONFJC)MIL85762 
035 |a (OCoLC)243601249 
040 |a MiAaPQ  |c MiAaPQ  |d MiAaPQ 
043 |a ae----- 
050 4 |a HC460.5  |b .G55 2007 
082 0 4 |a 338.95  |2 22 
100 1 |a Gill, Indermit Singh,  |d 1961- 
245 1 3 |a An East Asian renaissance  |h [electronic resource] :  |b ideas for economic growth /  |c Indermit Gill, Homi Kharas ; together with Deepak Bhattasali ... [et al.]. 
260 |a Washington, DC :  |b International Bank for Reconstruction and Development/World Bank,  |c c2007. 
300 |a xv, 365 p. :  |b ill., maps. 
504 |a Includes bibliographical references and index. 
533 |a Electronic reproduction. Ann Arbor, MI : ProQuest, 2015. Available via World Wide Web. Access may be limited to ProQuest affiliated libraries. 
651 0 |a East Asia  |x Economic policy. 
651 0 |a East Asia  |x Economic conditions. 
655 4 |a Electronic books. 
700 1 |a Kharas, Homi J.,  |d 1954- 
700 1 |a Bhattasali, Deepak. 
710 2 |a World Bank. 
710 2 |a ProQuest (Firm) 
856 4 0 |u https://ebookcentral.proquest.com/lib/matrademy/detail.action?docID=459468  |z Click to View